[Event "Vlissingen HZ op 24th"]
[Site "Vlissingen"]
[Date "2022.08.13"]
[Round "9"]
[White "Dougherty, Michael J"]
[Black "Weber, Dirk"]
[Result "1-0"]
[WhiteElo "2071"]
[BlackElo "2208"]
[PlyCount "117"]
[EventDate "2022.08.06"]
[EventType "swiss"]
[EventRounds "9"]
[EventCountry "NED"]
[SourceTitle "CBM 209 Extra"]
[Source "ChessBase"]
[SourceDate "2022.09.30"]
[SourceVersion "1"]
[SourceVersionDate "2022.09.30"]
[SourceQuality "1"]

1. Nf3 Nf6 2. c4 c5 3. Nc3 e6 4. e3 Be7 5. d4 a6 6. Bd3 0-0 7. 0-0 d6 8. b3 Re8 9. Bb2 Qc7 10. Qe2 Nbd7 11. Rad1 b6 12. Ng5 h6 13. f4 Bb7 14. Nf3 Bf8 15. Bb1 Rad8 16. Kh1 g6 17. a4 Bg7 18. h3 cxd4 19. Nxd4 e5 20. Ndb5 axb5 21. Nxb5 Qb8 22. f5 Nf8 23. Ba3 d5 24. cxd5 e4 25. d6 Ba6 26. fxg6 fxg6 27. Qc4+ Kh8 28. Rxf6 Bxf6 29. Bxe4 Bxb5 30. axb5 Bg7 31. Qd3 Qa7 32. Bb4 Qf7 33. Bc6 Re5 34. e4 Nd7 35. Rf1 Qe6 36. Bd5 Rxd5 37. exd5 Qe8 38. Re1 Qf7 39. Re7 Qf5 40. Qe3 Rf8 41. Bc3 Nf6 42. d7 Kg8 43. Rxg7+ Kxg7 44. Qe7+ Kg8 45. Qxf8+ Kxf8 46. d8Q+ Ne8 47. Qxb6 Qf1+ 48. Qg1 Qxb5 49. Qf2+ Ke7 50. Qe3+ Kd8 51. Qe5 h5 52. Kh2 Qb6 53. Bd4 Qxb3 54. Qe6 Qb8+ 55. Be5 Qb7 56. h4 Qb1 57. d6 Qb5 58. Bf6+ Nxf6 59. Qe7+ 1-0

[Event "Vlissingen HZ op 24th"]
[Site "Vlissingen"]
[Date "2022.08.08"]
[Round "4"]
[White "Weber, Dirk"]
[Black "Sai, Kiran Y"]
[Result "0-1"]
[WhiteElo "2208"]
[BlackElo "1879"]
[PlyCount "128"]
[EventDate "2022.08.06"]
[EventType "swiss"]
[EventRounds "9"]
[EventCountry "NED"]
[SourceTitle "CBM 209 Extra"]
[Source "ChessBase"]
[SourceDate "2022.09.30"]
[SourceVersion "1"]
[SourceVersionDate "2022.09.30"]
[SourceQuality "1"]

1. e4 e6 2. d3 d5 3. Nd2 Nc6 4. Ngf3 dxe4 5. dxe4 Nf6 6. Bb5 Bd7 7. 0-0 a6 8. Ba4 b5 9. Bb3 Bd6 10. Qe2 e5 11. c3 0-0 12. Rd1 Ne7 13. Nf1 Ng6 14. h3 Nh5 15. Be3 Nhf4 16. Qc2 Qf6 17. Ne1 Nh4 18. Nh2 Qg6 19. Bxf4 exf4 20. Kh1 Rae8 21. f3 Kh8 22. Qf2 Qh6 23. Nd3 Bc8 24. c4 f5 25. c5 fxe4 26. cxd6 exd3 27. dxc7 Re3 28. Rac1 Nf5 29. Ng4 Qd6 30. Kg1 h5 31. Nxe3 fxe3 32. Qe2 dxe2 33. Rxd6 Nxd6 34. Re1 Re8 35. Rxe2 Bf5 36. Re1 Nc4 37. Bxc4 bxc4 38. g4 Bc8 39. Rc1 a5 40. Kf1 Ba6 41. Rc3 Re7 42. Ke1 Rxc7 43. Rxe3 hxg4 44. hxg4 Rb7 45. b3 a4 46. bxc4 Bxc4 47. Re4 Rc7 48. Kd2 a3 49. Re8+ Kh7 50. Ra8 Rd7+ 51. Kc2 Bd3+ 52. Kc1 Be2 53. Rxa3 Rf7 54. Kd2 Bxf3 55. Ra4 Re7 56. Rf4 Be2 57. a4 Kg6 58. a5 Kg5 59. Ra4 Bxg4 60. Kc3 Bf3 61. Ra1 Kf4 62. Kb4 g5 63. Kc5 g4 64. a6 g3 0-1

[Event "Vlissingen HZ op 23rd"]
[Site "Vlissingen"]
[Date "2019.08.05"]
[Round "4"]
[White "Lacrosse, Marc"]
[Black "Weber, Dirk"]
[Result "1-0"]
[WhiteElo "2160"]
[BlackElo "2227"]
[PlyCount "69"]
[EventDate "2019.08.03"]
[EventType "swiss"]
[EventRounds "9"]
[EventCountry "NED"]
[SourceTitle "CBM 191 Extra"]
[Source "ChessBase"]
[SourceDate "2019.09.30"]
[SourceVersion "1"]
[SourceVersionDate "2019.09.30"]
[SourceQuality "1"]

1. d4 Nf6 2. c4 c5 3. d5 b5 4. cxb5 a6 5. e3 e6 6. Nc3 axb5 7. Bxb5 Qa5 8. Bd2 Na6 9. a4 Nb4 10. dxe6 fxe6 11. Nf3 Be7 12. 0-0 0-0 13. e4 d5 14. exd5 exd5 15. Na2 Bg4 16. Nxb4 cxb4 17. Qe1 Bd6 18. Ne5 Bf5 19. h3 Rae8 20. Bxe8 Rxe8 21. f4 Qb6+ 22. Be3 d4 23. Bf2 Bd3 24. Nd7 Rxe1 25. Nxb6 Rxf1+ 26. Rxf1 Bxf1 27. Kxf1 d3 28. Be3 b3 29. a5 Kf7 30. a6 Bb8 31. Nc4 Nd5 32. Bb6 d2 33. Ke2 Nxf4+ 34. Kxd2 Ke6 35. Bc7 1-0

[Event "Vlissingen HZ op 23rd"]
[Site "Vlissingen"]
[Date "2019.08.04"]
[Round "3"]
[White "Weber, Dirk"]
[Black "Galle, Andre"]
[Result "1-0"]
[WhiteElo "2227"]
[BlackElo "1983"]
[PlyCount "100"]
[EventDate "2019.08.03"]
[EventType "swiss"]
[EventRounds "9"]
[EventCountry "NED"]
[SourceTitle "CBM 191 Extra"]
[Source "ChessBase"]
[SourceDate "2019.09.30"]
[SourceVersion "1"]
[SourceVersionDate "2019.09.30"]
[SourceQuality "1"]

1. c4 f5 2. Nc3 Nf6 3. g3 d6 4. Bg2 g6 5. e3 c6 6. Nge2 a5 7. 0-0 Bg7 8. Rb1 0-0 9. a3 Na6 10. d3 e5 11. Qc2 g5 12. d4 e4 13. b4 axb4 14. axb4 Be6 15. d5 cxd5 16. Nd4 Qe7 17. Nxe6 Qxe6 18. cxd5 Nxd5 19. Nxd5 Qxd5 20. f3 Rfc8 21. fxe4 Rxc2 22. exd5 Rf8 23. e4 fxe4 24. Rxf8+ Kxf8 25. Bxe4 Bd4+ 26. Kh1 Re2 27. Bxh7 Re5 28. Ba3 Kg7 29. Bc2 Nc7 30. Rd1 Bc3 31. Bb3 Nb5 32. Rd3 Bd4 33. h3 Re1+ 34. Kg2 Ra1 35. Rxd4 Rxa3 36. Rd3 Nd4 37. Bc4 Rxd3 38. Bxd3 Kf6 39. h4 gxh4 40. gxh4 Ke5 41. h5 Nf5 42. Kh3 Nh6 43. Kh4 Kf4 44. Bg6 Ng8 45. Bf7 Nh6 46. Be6 Nf5+ 47. Bxf5 Kxf5 48. b5 b6 49. h6 Kg6 50. Kg4 Kf7 1-0

[Event "Klatovy op-A 23rd"]
[Site "Klatovy"]
[Date "2017.07.08"]
[Round "8"]
[White "Weber, Dirk"]
[Black "Strnad, Jakub"]
[Result "1-0"]
[WhiteElo "2269"]
[BlackElo "1980"]
[PlyCount "55"]
[EventDate "2017.07.01"]
[EventType "swiss"]
[EventRounds "9"]
[EventCountry "CZE"]
[SourceTitle "EXT 2018"]
[Source "ChessBase"]
[SourceDate "2017.10.13"]
[SourceVersion "1"]
[SourceVersionDate "2017.10.13"]
[SourceQuality "1"]

1. e4 e5 2. f4 d6 3. Nf3 Nc6 4. Bb5 Bd7 5. d3 exf4 6. Bxf4 Nf6 7. Nc3 Be7 8. 0-0 0-0 9. a3 Re8 10. d4 Bf8 11. Bd3 h6 12. Qd2 Bg4 13. Be3 Qd7 14. Rae1 Rad8 15. Qf2 Bh5 16. h3 a6 17. Kh1 Bg6 18. Bc1 b5 19. Nh4 Bh7 20. Bxh6 gxh6 21. Qxf6 Bg7 22. Qf4 Nxd4 23. Nd5 Re6 24. Nf5 Nxf5 25. exf5 Re5 26. f6 Bf8 27. Ne7+ Bxe7 28. Qxh6 1-0

[Event "Klatovy op-A 23rd"]
[Site "Klatovy"]
[Date "2017.07.07"]
[Round "7"]
[White "Krutsky, Martin"]
[Black "Weber, Dirk"]
[Result "1-0"]
[WhiteElo "2045"]
[BlackElo "2269"]
[PlyCount "99"]
[EventDate "2017.07.01"]
[EventType "swiss"]
[EventRounds "9"]
[EventCountry "CZE"]
[SourceTitle "EXT 2018"]
[Source "ChessBase"]
[SourceDate "2017.10.13"]
[SourceVersion "1"]
[SourceVersionDate "2017.10.13"]
[SourceQuality "1"]

1. e4 e5 2. Nf3 d6 3. d4 Nf6 4. Nc3 Nbd7 5. Bc4 Be7 6. 0-0 0-0 7. a4 c6 8. Re1 h6 9. h3 Re8 10. a5 Bf8 11. d5 cxd5 12. Nxd5 Nxd5 13. Qxd5 Qe7 14. Be3 Nf6 15. Qd3 Be6 16. a6 Bxc4 17. Qxc4 Rec8 18. Qd3 bxa6 19. Nd2 Qb7 20. c4 Ne8 21. b4 Be7 22. Ra4 Nc7 23. Rea1 Qc6 24. Nb3 Rd8 25. Na5 Qd7 26. Nb7 Rdb8 27. Nc5 Qc8 28. Nb3 Qe6 29. Na5 Rf8 30. Nc6 Qd7 31. Nxe5 Qe6 32. Nc6 Bf6 33. Rd1 Rfe8 34. f3 Be5 35. Ra5 h5 36. Bd4 Bf4 37. Rxh5 Qg6 38. Rh4 Ne6 39. Rg4 Qh5 40. Bxg7 Nxg7 41. Rxf4 Re6 42. Rg4 Kf8 43. Qc3 Ne8 44. Rd5 Qh7 45. Rdg5 Rg6 46. Qd4 Rxg5 47. Rxg5 f6 48. Rg4 Qd7 49. Qd5 Ng7 50. Rh4 1-0

[Event "Klatovy op-A 23rd"]
[Site "Klatovy"]
[Date "2017.07.02"]
[Round "2"]
[White "Kozak, Milos"]
[Black "Weber, Dirk"]
[Result "1/2-1/2"]
[WhiteElo "2138"]
[BlackElo "2269"]
[PlyCount "59"]
[EventDate "2017.07.01"]
[EventType "swiss"]
[EventRounds "9"]
[EventCountry "CZE"]
[SourceTitle "EXT 2018"]
[Source "ChessBase"]
[SourceDate "2017.10.13"]
[SourceVersion "1"]
[SourceVersionDate "2017.10.13"]
[SourceQuality "1"]

1. d4 Nf6 2. c4 c5 3. d5 b5 4. cxb5 a6 5. bxa6 Bxa6 6. Nc3 d6 7. Nf3 g6 8. e4 Bxf1 9. Kxf1 Bg7 10. g3 0-0 11. Kg2 Nbd7 12. a4 Qa5 13. Bd2 Rfb8 14. Nb5 Qb6 15. Qc2 Qb7 16. Bc3 Ra6 17. Rhd1 Bf8 18. Qe2 Rba8 19. b3 e6 20. dxe6 fxe6 21. Bxf6 Nxf6 22. e5 dxe5 23. Qxe5 Nd5 24. Rac1 Rc8 25. Qe2 Rb6 26. Rc4 Re8 27. Re1 Nc7 28. Nxc7 Qxc7 29. Rc3 Qb7 30. Qc2 1/2-1/2

[Event "Berlin Spandau op 2nd"]
[Site "Berlin"]
[Date "2016.12.28"]
[Round "4"]
[White "Muse, Drazen"]
[Black "Weber, Dirk"]
[Result "1/2-1/2"]
[WhiteElo "2358"]
[BlackElo "2246"]
[PlyCount "74"]
[EventDate "2016.12.27"]
[EventType "swiss"]
[EventRounds "7"]
[EventCountry "GER"]
[SourceTitle "CBM 176 Extra"]
[Source "ChessBase"]
[SourceDate "2017.03.02"]
[SourceVersion "1"]
[SourceVersionDate "2017.03.02"]
[SourceQuality "1"]

1. d4 Nf6 2. Nf3 c5 3. e3 e6 4. Bd3 Qc7 5. c4 Be7 6. Nc3 a6 7. 0-0 0-0 8. b3 b5 9. d5 exd5 10. cxd5 d6 11. h3 Re8 12. e4 Nfd7 13. Bf4 Bf6 14. Rc1 Nf8 15. a4 Ng6 16. Bg3 b4 17. Nb1 a5 18. Nbd2 Nd7 19. Nc4 Nge5 20. Nfxe5 Nxe5 21. Nxe5 Bxe5 22. Bxe5 Rxe5 23. f4 Re8 24. Qf3 Bb7 25. Bb5 Re7 26. Qd3 Rd8 27. Rcd1 Qb6 28. Kh2 Qa7 29. Rfe1 h6 30. g4 c4 31. Qd4 Qxd4 32. Rxd4 cxb3 33. Rb1 Rc7 34. Rxb3 g5 35. Kg3 Rdc8 36. h4 Rc3+ 37. Rd3 Rd8 1/2-1/2

[Event "GER CupT V4"]
[Site "Braunschweig"]
[Date "2015.01.11"]
[Round "2.1"]
[White "Guenther, Christian1111"]
[Black "Weber, Dirk"]
[Result "1/2-1/2"]
[WhiteElo "2170"]
[BlackElo "2235"]
[PlyCount "45"]
[EventDate "2015.01.10"]
[EventType "team-k.o."]
[EventRounds "2"]
[EventCountry "GER"]
[SourceTitle "EXT 2019"]
[Source "ChessBase"]
[SourceDate "2018.10.10"]
[SourceVersion "1"]
[SourceVersionDate "2018.10.10"]
[SourceQuality "1"]
[WhiteTeam "Sangerhausen"]
[BlackTeam "Braunschweig KS"]
[WhiteTeamCountry "GER"]
[BlackTeamCountry "GER"]

1. d4 Nf6 2. c4 c5 3. d5 b5 4. cxb5 a6 5. bxa6 Bxa6 6. Nc3 d6 7. e4 Bxf1 8. Kxf1 g6 9. Nf3 Bg7 10. g3 0-0 11. Kg2 Nbd7 12. h3 Qa5 13. Qc2 Rfb8 14. Be3 Ne8 15. Rhc1 Qa6 16. Re1 Nc7 17. a4 Qb7 18. Rab1 Qb3 19. Qxb3 Rxb3 20. Nd2 Rb4 21. Rec1 Bxc3 22. bxc3 Rbxa4 23. Rb7 1/2-1/2

[Event "GER CupT V4"]
[Site "Braunschweig"]
[Date "2015.01.10"]
[Round "1.2"]
[White "Schellmann, Frank"]
[Black "Weber, Dirk"]
[Result "0-1"]
[WhiteElo "2032"]
[BlackElo "2235"]
[PlyCount "114"]
[EventDate "2015.01.10"]
[EventType "team-k.o."]
[EventRounds "2"]
[EventCountry "GER"]
[SourceTitle "EXT 2019"]
[Source "ChessBase"]
[SourceDate "2018.10.10"]
[SourceVersion "1"]
[SourceVersionDate "2018.10.10"]
[SourceQuality "1"]
[WhiteTeam "DBSB Auswahl"]
[BlackTeam "Braunschweig KS"]
[WhiteTeamCountry "GER"]
[BlackTeamCountry "GER"]

1. e4 c5 2. c3 Nf6 3. e5 Nd5 4. Nf3 e6 5. d4 Nb6 6. Bd3 Nc6 7. 0-0 d5 8. Nbd2 cxd4 9. cxd4 Bd7 10. a3 f6 11. Re1 Rc8 12. Nf1 fxe5 13. Nxe5 Qf6 14. Be3 Bd6 15. Nxd7 Nxd7 16. Qh5+ g6 17. Qg4 0-0 18. Rad1 Rce8 19. Ng3 Kh8 20. Ne2 Rf7 21. Nc3 Rg8 22. Kh1 Nf8 23. Nb5 Bb8 24. Bb1 Ne7 25. Rf1 h5 26. Qg5 Qxg5 27. Bxg5 Nf5 28. Rd3 Nh7 29. Bd2 Nf6 30. f3 a6 31. Nc3 Rc8 32. Rd1 b5 33. Ne2 Kg7 34. Bf4 Rb7 35. Bxb8 Rbxb8 36. Nf4 Kf7 37. R3d2 b4 38. a4 b3 39. Kg1 Rc4 40. a5 Ra4 41. Nd3 Nd7 42. Ne5+ Nxe5 43. dxe5 Rxa5 44. Rc1 Ne7 45. Kf2 Rc8 46. Rxc8 Nxc8 47. Bd3 Nb6 48. Be2 Ra2 49. Ke3 a5 50. Kd4 a4 51. Kc3 g5 52. Rd4 a3 53. Bd3 Rxb2 54. Rb4 d4+ 55. Kxd4 a2 56. Rxb6 a1Q 57. Rb7+ Kf8 0-1

[Event "Balatonalmadi Pannonia Cup 18th"]
[Site "Balatonalmadi"]
[Date "2013.07.25"]
[Round "2"]
[White "Grimsholm, Ola"]
[Black "Weber, Dirk"]
[Result "0-1"]
[WhiteElo "2098"]
[BlackElo "2272"]
[PlyCount "84"]
[EventDate "2013.07.24"]
[EventType "swiss"]
[EventRounds "7"]
[EventCountry "HUN"]
[SourceTitle "EXT 2016"]
[Source "ChessBase"]
[SourceDate "2015.10.08"]
[SourceVersion "1"]
[SourceVersionDate "2015.10.08"]
[SourceQuality "1"]

1. e4 e5 2. Nf3 d6 3. d4 Nf6 4. Nc3 Nbd7 5. Bg5 c6 6. Qd2 b5 7. a3 a6 8. Be2 h6 9. Bh4 Qc7 10. Bg3 Bb7 11. Nh4 c5 12. dxe5 dxe5 13. f4 g5 14. fxg5 Nxe4 15. Nxe4 Bxe4 16. Bf3 Bxf3 17. Nxf3 0-0-0 18. 0-0 Bg7 19. a4 b4 20. Qd3 Qc6 21. Qc4 e4 22. Nd2 Bxb2 23. Rae1 Ne5 24. Bxe5 Bxe5 25. Qxe4 Qxe4 26. Nxe4 hxg5 27. g3 f6 28. Nxf6 Bd4+ 29. Kh1 Bc3 30. Re6 Rd2 31. Ng4 Bd4 32. Rxa6 Kb7 33. Rg6 Rxc2 34. a5 c4 35. Rxg5 b3 36. Rb5+ Kc6 37. Rb4 b2 38. a6 Kc5 39. Rb7 Rc1 40. Kg2 Rxf1 41. Kxf1 c3 42. a7 c2 0-1

[Event "Staufenberg Muender op 1st"]
[Site "Staufenberg"]
[Date "2011.06.12"]
[Round "4"]
[White "Carlstedt, Jonathan"]
[Black "Weber, Dirk"]
[Result "1-0"]
[WhiteElo "2308"]
[BlackElo "2252"]
[PlyCount "65"]
[EventDate "2011.06.10"]
[EventType "swiss"]
[EventRounds "7"]
[EventCountry "GER"]
[SourceTitle "CBM 142 Extra"]
[Source "ChessBase"]
[SourceDate "2011.06.27"]
[SourceVersion "1"]
[SourceVersionDate "2011.06.27"]
[SourceQuality "1"]

1. c4 Nf6 2. g3 c5 3. Bg2 e6 4. e4 Qc7 5. Nc3 a6 6. Nge2 d6 7. 0-0 Be7 8. d3 Nc6 9. h3 h6 10. Be3 Rb8 11. a4 Nd7 12. Rc1 Bf6 13. Kh2 0-0 14. f4 Kh7 15. g4 g6 16. d4 cxd4 17. Nxd4 Nxd4 18. Bxd4 Rd8 19. b4 b6 20. Bxf6 Nxf6 21. Qd4 Qe7 22. Rce1 Bb7 23. Kh1 Kg8 24. Nd5 Bxd5 25. exd5 Re8 26. dxe6 fxe6 27. Bc6 Rec8 28. Bd5 Nxd5 29. cxd5 Qh4 30. Qd3 exd5 31. Re6 Rc4 32. g5 hxg5 33. fxg5 1-0

[Event "Staufenberg Muender op 1st"]
[Site "Staufenberg"]
[Date "2011.06.12"]
[Round "5"]
[White "Weber, Dirk"]
[Black "Schnegelsberg, Karl Heinz"]
[Result "1-0"]
[WhiteElo "2252"]
[BlackElo "2030"]
[PlyCount "99"]
[EventDate "2011.06.10"]
[EventType "swiss"]
[EventRounds "7"]
[EventCountry "GER"]
[SourceTitle "CBM 142 Extra"]
[Source "ChessBase"]
[SourceDate "2011.06.27"]
[SourceVersion "1"]
[SourceVersionDate "2011.06.27"]
[SourceQuality "1"]

1. e4 e6 2. d4 d5 3. Nc3 Bb4 4. e5 c5 5. a3 Bxc3+ 6. bxc3 Qc7 7. Nf3 Nc6 8. Be2 Bd7 9. 0-0 Nge7 10. a4 f6 11. Bf4 Ng6 12. Bg3 fxe5 13. Bd3 Nf4 14. Nxe5 0-0 15. Re1 Nxe5 16. Rxe5 cxd4 17. cxd4 Nxd3 18. Qxd3 Rac8 19. Rxd5 exd5 20. Bxc7 Rxc7 21. g4 Rfc8 22. Qb3 Bxg4 23. Qxd5+ Rf7 24. Re1 Bf3 25. Qb3 Rcf8 26. Re7 g6 27. h4 Kg7 28. Rxf7+ Rxf7 29. Kh2 Be4 30. Kg3 Rf5 31. c4 Kf6 32. f4 b6 33. d5 Kg7 34. a5 Rf6 35. Qe3 Bf5 36. Qe5 h6 37. Qb8 Rf7 38. axb6 axb6 39. Qxb6 Rd7 40. Qd4+ Kf7 41. Qh8 h5 42. Qh7+ Kf6 43. Qg8 Bg4 44. c5 Re7 45. Qf8+ Rf7 46. Qd8+ Kg7 47. Qb6 Rd7 48. Qb2+ Kf7 49. Qb3 Ke8 50. c6 1-0

[Event "Karl Mala Memorial op 12th"]
[Site "Frankfurt"]
[Date "2009.07.16"]
[Round "1"]
[White "Wilke, Joerg"]
[Black "Weber, Dirk"]
[Result "1-0"]
[WhiteElo "1910"]
[BlackElo "2252"]
[PlyCount "43"]
[EventDate "2009.07.16"]
[EventType "swiss"]
[EventRounds "7"]
[EventCountry "GER"]
[SourceTitle "EXT 2010"]
[Source "ChessBase"]
[SourceDate "2010.11.25"]
[SourceVersion "1"]
[SourceVersionDate "2010.11.25"]
[SourceQuality "1"]

1. d4 d5 2. c4 Nf6 3. Nc3 Bf5 4. Bf4 e6 5. e3 Bb4 6. Rc1 Ne4 7. f3 Nxc3 8. bxc3 Ba3 9. Qa4+ b5 10. Qxa3 bxc4 11. g4 Bg6 12. Qc5 Qh4+ 13. Bg3 Qg5 14. Kf2 c6 15. Bxb8 Rxb8 16. Qxc6+ Ke7 17. Qc7+ Kf6 18. h4 Rb2+ 19. Be2 Qxe3+ 20. Kxe3 Rxa2 21. g5+ Kf5 22. Qe5# 1-0

[Event "Werden op"]
[Site "Essen"]
[Date "2005.06.03"]
[Round "3"]
[White "Mueller, Wilfried"]
[Black "Weber, Dirk"]
[Result "0-1"]
[WhiteElo "1494"]
[BlackElo "1787"]
[PlyCount "46"]
[EventDate "2005.05.20"]
[EventType "swiss"]
[EventRounds "7"]
[EventCountry "GER"]
[SourceTitle "EXT 2007"]
[Source "ChessBase"]
[SourceDate "2006.11.23"]
[SourceVersion "1"]
[SourceVersionDate "2006.11.23"]
[SourceQuality "1"]

1. d4 Nf6 2. c4 e5 3. e3 exd4 4. exd4 d5 5. Nc3 Be7 6. Bd3 0-0 7. Nge2 Bg4 8. 0-0 Nc6 9. a3 Qd7 10. Qc2 dxc4 11. Bxc4 Nxd4 12. Nxd4 Qxd4 13. Bd3 Qc5 14. Be3 Qh5 15. f3 Be6 16. Rad1 Rad8 17. Kh1 Bd6 18. Bg1 Qh6 19. Nb5 Nh5 20. Bf2 Ng3+ 21. Bxg3 Bxg3 22. h3 Be5 23. Bf5 Qf4 0-1

[Event "Werden op"]
[Site "Essen"]
[Date "2005.05.27"]
[Round "2"]
[White "Weber, Dirk"]
[Black "Ter Steeg, Marcus"]
[Result "0-1"]
[WhiteElo "1787"]
[BlackElo "1973"]
[PlyCount "108"]
[EventDate "2005.05.20"]
[EventType "swiss"]
[EventRounds "7"]
[EventCountry "GER"]
[SourceTitle "EXT 2007"]
[Source "ChessBase"]
[SourceDate "2006.11.23"]
[SourceVersion "1"]
[SourceVersionDate "2006.11.23"]
[SourceQuality "1"]

1. e4 e6 2. d4 d5 3. exd5 exd5 4. Bd3 Bd6 5. Ne2 Qf6 6. Be3 Ne7 7. Nbc3 c6 8. Qd2 h6 9. Bf4 Nf5 10. 0-0-0 Na6 11. Rde1 0-0 12. Bxd6 Qxd6 13. Ng3 Nxg3 14. hxg3 Nb4 15. Re5 Bd7 16. Rhe1 Rae8 17. Bf1 Rxe5 18. Rxe5 f6 19. Rh5 Be8 20. Rh4 Bg6 21. a3 Na6 22. Rg4 Bf5 23. Rh4 Qe6 24. Nd1 Nc7 25. Ne3 Bh7 26. Qa5 Ne8 27. c4 g5 28. Rxh6 Qe4 29. Qc3 Nd6 30. Kd2 Kg7 31. Rh1 dxc4 32. Nxc4 Nxc4+ 33. Qxc4 Rd8 34. Bd3 Qxd3+ 35. Qxd3 Bxd3 36. Kxd3 c5 37. Re1 Rxd4+ 38. Kc3 Kf7 39. b4 b6 40. bxc5 bxc5 41. Rb1 Ke6 42. Rb7 Re4 43. Rb2 g4 44. Kd3 Ra4 45. Ra2 Kd5 46. f3 f5 47. Kc3 a6 48. Rd2+ Rd4 49. Re2 Rd1 50. Re8 Rc1+ 51. Kb2 Rg1 52. Rd8+ Kc4 53. fxg4 Rxg2+ 54. Kb1 fxg4 0-1

[Event "Ruhrgebiet VK1 0405"]
[Site "Ruhrgebiet"]
[Date "2005.01.30"]
[Round "6.5"]
[White "Skara, Milenko"]
[Black "Weber, Dirk"]
[Result "1/2-1/2"]
[WhiteElo "1883"]
[BlackElo "1831"]
[PlyCount "45"]
[EventDate "2004.09.12"]
[EventType "team"]
[EventRounds "9"]
[EventCountry "GER"]
[SourceTitle "EXT 2006"]
[Source "ChessBase"]
[SourceDate "2005.11.24"]
[SourceVersion "1"]
[SourceVersionDate "2005.11.24"]
[SourceQuality "1"]
[WhiteTeam "Gerthe"]
[BlackTeam "Essen Werden"]
[WhiteTeamCountry "GER"]
[BlackTeamCountry "GER"]

1. e4 c5 2. Nf3 e6 3. d4 cxd4 4. Nxd4 a6 5. Nc3 Qc7 6. Be2 Nf6 7. 0-0 Bb4 8. Qd3 Nc6 9. Nxc6 bxc6 10. f4 d5 11. e5 Nd7 12. Bd2 c5 13. Qg3 g6 14. Rad1 Bb7 15. Bf3 Nb6 16. b3 d4 17. Ne4 Bxe4 18. Bxe4 Bxd2 19. Rxd2 Rd8 20. Rfd1 Nd5 21. Bxd5 Rxd5 22. c3 0-0 23. cxd4 1/2-1/2

[Event "Ruhrgebiet VK1 0405"]
[Site "Ruhrgebiet"]
[Date "2005.01.09"]
[Round "5.7"]
[White "Weber, Dirk"]
[Black "Althoff, Christoph"]
[Result "0-1"]
[WhiteElo "1831"]
[BlackElo "1899"]
[PlyCount "92"]
[EventDate "2004.09.12"]
[EventType "team"]
[EventRounds "9"]
[EventCountry "GER"]
[SourceTitle "EXT 2006"]
[Source "ChessBase"]
[SourceDate "2005.11.24"]
[SourceVersion "1"]
[SourceVersionDate "2005.11.24"]
[SourceQuality "1"]
[WhiteTeam "Essen Werden"]
[BlackTeam "Gelsenkirchen II"]
[WhiteTeamCountry "GER"]
[BlackTeamCountry "GER"]

1. b3 d5 2. Bb2 Bf5 3. e3 e6 4. Nf3 Nd7 5. Be2 h6 6. 0-0 Ngf6 7. c4 c6 8. cxd5 exd5 9. d3 Be7 10. Na3 0-0 11. Nc2 Re8 12. Qd2 Rc8 13. Rfc1 Bh7 14. Nce1 Bd6 15. Bf1 Qe7 16. g3 Bb4 17. Qc2 Bd6 18. Bh3 Rcd8 19. Nd4 Ba3 20. Nef3 Bxb2 21. Qxb2 Bxd3 22. Qd2 Be4 23. Qa5 a6 24. Nf5 Bxf5 25. Bxf5 Ne5 26. Nd4 g6 27. Bh3 Rd6 28. Rd1 Ne4 29. Bg2 f5 30. Rac1 Qd8 31. Qa3 Rd7 32. Qb2 Qe7 33. h4 h5 34. Ne2 Qg7 35. Qc2 Rde7 36. Nf4 Ng4 37. Bxe4 fxe4 38. Qc5 Ne5 39. Kg2 Qf7 40. Rc2 Qf5 41. Qb4 Qg4 42. Rdc1 Nf3 43. Rh1 Rd7 44. Ne2 Ne5 45. Nf4 Qf3+ 46. Kh2 Ng4+ 0-1

[Event "Ruhrgebiet VK1 0405"]
[Site "Ruhrgebiet"]
[Date "2004.11.14"]
[Round "3.6"]
[White "Maurer, Markus"]
[Black "Weber, Dirk"]
[Result "0-1"]
[WhiteElo "1938"]
[BlackElo "1831"]
[PlyCount "66"]
[EventDate "2004.09.12"]
[EventType "team"]
[EventRounds "9"]
[EventCountry "GER"]
[SourceTitle "EXT 2006"]
[Source "ChessBase"]
[SourceDate "2005.11.24"]
[SourceVersion "1"]
[SourceVersionDate "2005.11.24"]
[SourceQuality "1"]
[WhiteTeam "Essen West II"]
[BlackTeam "Essen Werden"]
[WhiteTeamCountry "GER"]
[BlackTeamCountry "GER"]

1. d4 Nf6 2. c4 g6 3. Nc3 Bg7 4. e4 d6 5. f3 0-0 6. Be3 e5 7. Nge2 Nc6 8. d5 Ne7 9. Qd2 c5 10. h4 h5 11. Ng3 a6 12. Bd3 Bd7 13. 0-0 Kh7 14. a3 Nfg8 15. Rab1 f5 16. exf5 Bxf5 17. Nce4 Bc8 18. Bg5 Nh6 19. Bxe7 Qxe7 20. Ng5+ Kh8 21. Bxg6 Rf4 22. Nxh5 Rxh4 23. Ne6 Bxe6 24. dxe6 Rf8 25. Nxg7 Kxg7 26. Be4 Nf5 27. Qf2 Rfh8 28. Qe1 Rh1+ 29. Kf2 Qh4+ 30. Ke2 Ng3+ 31. Kd3 Rxf1 32. Qa5 Rxb1 33. Qc7+ Kh6 0-1

[Event "Ruhrgebiet VK1 0405"]
[Site "Ruhrgebiet"]
[Date "2004.10.10"]
[Round "2.6"]
[White "Weber, Dirk"]
[Black "Jeppel Klose, Ruediger"]
[Result "0-1"]
[WhiteElo "1831"]
[BlackElo "1847"]
[PlyCount "92"]
[EventDate "2004.09.12"]
[EventType "team"]
[EventRounds "9"]
[EventCountry "GER"]
[SourceTitle "EXT 2006"]
[Source "ChessBase"]
[SourceDate "2005.11.24"]
[SourceVersion "1"]
[SourceVersionDate "2005.11.24"]
[SourceQuality "1"]
[WhiteTeam "Essen Werden"]
[BlackTeam "Altenessen II"]
[WhiteTeamCountry "GER"]
[BlackTeamCountry "GER"]

1. b3 f5 2. Bb2 d6 3. e3 Nd7 4. d4 Ngf6 5. Nf3 g6 6. h4 c6 7. Ng5 Ng4 8. Qd2 Ndf6 9. f3 Nh6 10. d5 Bg7 11. Bc4 cxd5 12. Bb5+ Kf8 13. Nc3 a6 14. Be2 Qa5 15. 0-0-0 e6 16. Rhf1 Nh5 17. g4 Ng3 18. Rf2 Nxe2+ 19. Rxe2 b5 20. Rf2 Bd7 21. Qd3 b4 22. Nb1 Bxb2+ 23. Kxb2 Qc5 24. Rdd2 Ke7 25. Qf1 Bb5 26. Qe1 Raf8 27. e4 dxe4 28. fxe4 Nxg4 29. exf5 Qe5+ 30. Qxe5 dxe5 31. f6+ Rxf6 32. Rxf6 Nxf6 33. c3 a5 34. c4 Bc6 35. Re2 h6 36. Nh3 Ne4 37. Nd2 Nxd2 38. Rxd2 Rd8 39. Re2 Rd3 40. Nf2 Rf3 41. Ng4 e4 42. Nxh6 Rg3 43. Kc2 Kf8 44. Rf2+ Kg7 45. Nf7 Rf3 46. Rxf3 exf3 0-1